Missing Word: Songs with 'Heart' Quiz Stats

 Plays Quiz Updated Feb 14, 2018

Score 0/20 Timer 03:00
0 Plays Today
Title Missing Word % Correct
Heart Of ____ & RollRock
95.1%
My Heart ____ Go OnWill
94.8%
Achy ______ HeartBreaky
94.5%
Don't Go ______ My HeartBreaking
94%
Total _____ Of The HeartEclipse
93.7%
I Left My Heart In San ______Francisco
93.3%
Heartbreak ______Hotel
92.6%
Heart And ____Soul
85%
_____ Of HeartsQueen
79.7%
Owner of a _____ HeartLonely
76.9%
Title Missing Word % Correct
Heart Of _____Gold
76.7%
Quit Playing _____ (With My Heart)Games
75.3%
Heart Of _____Glass
68%
Your _____ HeartCheatin'
44.8%
_____ Is In The HeartGroove
39%
_____ Of My HeartPiece
34.1%
_____ HeartHungry
31.3%
_____ Of HeartChange
29.1%
_____ A HeartHave
26.2%
_____ Up My HeartTearin'
24.5%

Today's Daily Dose

Missing Word
Arizona A-Z

Word Ladder
Greek Letters II

Get the Picture
US National Parks

You're not logged in!

Compare scores with friends on all Sporcle quizzes.
OR
Log In

You Might Also Like...

Show Comments

Extras

Top Quizzes Today


Score Distribution

Your Account Isn't Verified!

In order to create a playlist on Sporcle, you need to verify the email address you used during registration. Go to your Sporcle Settings to finish the process.

Report this User

Report this user for behavior that violates our Community Guidelines.

Details: